French substantive law : (Key elements)

Сохранить в:
Библиографические подробности
Главный автор: Dadomo, Christian
Формат:
Язык:Undetermined
Опубликовано: London Sweet and Maxwell 1997
Предметы:
Law
Метки: Добавить метку
Нет меток, Требуется 1-ая метка записи!
Thư viện lưu trữ: Trung tâm Học liệu Trường Đại học Cần Thơ
LEADER 00559nam a2200217Ia 4500
001 CTU_27129
008 210402s9999 xx 000 0 und d
020 |c 85 
082 |a 340.0944 
082 |b D121 
100 |a Dadomo, Christian 
245 0 |a French substantive law : 
245 0 |b (Key elements) 
245 0 |c Christian Dadomo, Susan Farran 
260 |a London 
260 |b Sweet and Maxwell 
260 |c 1997 
650 |a Law 
650 |z France 
904 |i Minh, Giang sửa 
980 |a Trung tâm Học liệu Trường Đại học Cần Thơ